00661nam a2200193Ia 4500008004100000020001800041082001800059100002500077245006100102250000800163260003800171300002400209500001900233600003300252650001600285942000700301952014200308999001700450240925s9999 xx 000 0 und d a9789332519084 a519.02462 WAL aWalpole ,Ronald E. 0aProbability and Statistics: for engineers and scientists a9th aIndia:bPearson Educationc,2016. a385p.bNAfOriginal aIncludes Index aHumanities & Natural Science aMathematics cBK 001040708HUMaUITUbUITUd2018-12-30eBook World Internationalg1242.00l0o519.02462 WALpQ13073r2024-09-25 07:16:43w2024-09-25yBK c15572d15572